[Event "East Lansing (MI Op/5/17)"]
[Site "?"]
[Date "1985.??.??"]
[Round "?"]
[White "Skidmore, Mike"]
[Black "Jarosz, Stan"]
[Result "1-0"]
[WhiteElo "1860"]
[BlackElo "2030"]
[PlyCount "123"]
[EventDate "1985.??.??"]

{5/(17)} 1. e4 e6 2. d4 d5 3. Nd2 c5 4. Ngf3 Nc6 5. Bb5 a6 6. exd5 axb5 7. dxc6
bxc6 8. dxc5 Bxc5 9. O-O Nf6 10. Nb3 Qxd1 11. Rxd1 Be7 12. Ne5 Bb7 13. Be3 Nd5
14. Bc5 f6 15. Bxe7 Nxe7 16. Nc5 Bc8 17. Nf3 e5 18. Rd6 Bf5 19. c3 Kf7 20. Nh4
Rhd8 21. Rxd8 Rxd8 22. Nxf5 Nxf5 23. Kf1 Rd2 24. Rb1 Nd6 25. Ke1 Rc2 26. Nd3
Ne4 27. Rc1 Rxc1+ 28. Nxc1 Nc5 29. b3 Ke6 30. f3 f5 31. Ke2 e4 32. Ke3 g5 33.
fxe4 Nxe4 34. Ne2 Ke5 35. a4 f4+ 36. Kf3 h5 37. Nd4 Nxc3 38. Nxc6+ Kd5 39. axb5
Nxb5 40. Nb4+ Ke5 41. Nd3+ Kd4 42. Nxf4 gxf4 43. Kxf4 Kd5 44. Kg5 Ke5 45. Kxh5
Kf6 46. h4 Nd4 47. b4 Kg7 48. g4 Kh7 49. g5 Kg7 50. Kg4 Kg6 51. h5+ Kg7 52. Kf4
Ne6+ 53. Kg4 Nd4 54. Kf4 Ne6+ 55. Kf5 Nd4+ 56. Ke4 Ne6 57. g6 Kh6 58. Ke5 Ng7
59. b5 Nxh5 60. b6 Kxg6 61. b7 Nf6 62. Ke6 1-0

[Event "East Lansing (MI Op/1b/6)"]
[Site "?"]
[Date "1985.??.??"]
[Round "?"]
[White "Skidmore, Mike"]
[Black "Hahn, David"]
[Result "0-1"]
[WhiteElo "1860"]
[BlackElo "2125"]
[PlyCount "38"]
[EventDate "1985.??.??"]

1. e4 g6 2. d4 Bg7 3. c3 d6 4. f4 Nf6 5. Bd3 c5 6. e5 Nfd7 7. Nf3 cxd4 8. exd6
Nc6 9. O-O O-O 10. dxe7 Qxe7 11. cxd4 Nxd4 12. Nc3 Nc5 13. h3 Nxd3 14. Qxd3 Bf5
15. Qd2 Rad8 16. Nxd4 Bxd4+ 17. Kh1 Rfe8 18. Nb5 Bb6 19. Qc3 Qe2 0-1

[Event "East Lansing (MI Op/7/10)"]
[Site "?"]
[Date "1985.??.??"]
[Round "?"]
[White "Skidmore, Mike"]
[Black "Groeller, W.."]
[Result "1-0"]
[WhiteElo "1860"]
[BlackElo "2135"]
[PlyCount "65"]
[EventDate "1985.??.??"]

{7/(10)} 1. e4 c5 2. Nf3 Nc6 3. Bb5 g6 4. O-O Bg7 5. c3 Nf6 6. Re1 O-O 7. h3 b6
8. d3 Bb7 9. Nbd2 d6 10. Nf1 e6 11. Bg5 h6 12. Be3 a6 13. Ba4 b5 14. Bc2 e5 15.
Ng3 Qc7 16. Qd2 Kh7 17. Rac1 Rfe8 18. Nh2 Ne7 19. f4 Rad8 20. fxe5 dxe5 21. Qf2
Rc8 22. d4 exd4 23. cxd4 Neg8 24. d5 Nd7 25. Ng4 Ne5 26. Bf4 Nxg4 27. hxg4 Qd7
28. Qf3 Bd4+ 29. Kh2 Qe7 30. Ne2 Bxb2 31. Rcd1 Rcd8 32. g3 Be5 33. Bxe5 1-0

[Event "East Detroit (MCO/6/7)"]
[Site "?"]
[Date "1985.??.??"]
[Round "?"]
[White "Simon, P.."]
[Black "Smith, Walt"]
[Result "1-0"]
[WhiteElo "2295"]
[BlackElo "1985"]
[PlyCount "87"]
[EventDate "1985.??.??"]

{6/(7)} 1. e4 c5 2. Nf3 d6 3. d4 cxd4 4. Nxd4 Nf6 5. Nc3 g6 6. Be3 Bg7 7. f3
Nc6 8. Qd2 Bd7 9. Bc4 Rc8 10. Bb3 Ne5 11. O-O-O Nc4 12. Bxc4 Rxc4 13. g4 b5 14.
Ndxb5 Qa5 15. Nd4 O-O 16. Nb3 Qc7 17. e5 Rc8 18. exf6 Bxf6 19. Bd4 e5 20. Be3
Be6 21. Kb1 a5 22. Ne4 Rxe4 23. fxe4 a4 24. Nc1 Qb7 25. Qg2 Rb8 26. b3 Qb4 27.
h3 Qa3 28. Qd2 axb3 29. cxb3 Rd8 30. Bg5 Bxg5 31. Qxg5 Rb8 32. Qd2 Rb6 33. Rh2
Kg7 34. Qc3 Kg8 35. Rhd2 Ra6 36. Qc7 Qb4 37. Rxd6 Qxe4+ 38. Qc2 Qb7 39. Rxa6
Qxa6 40. Qc3 Qb5 41. Kb2 f6 42. Qc7 Bf7 43. Rd8+ Be8 44. Qe7 1-0

[Event "East Detroit (MCO/4/6)"]
[Site "?"]
[Date "1985.??.??"]
[Round "?"]
[White "Simon, P.."]
[Black "Mason, D.."]
[Result "1/2-1/2"]
[WhiteElo "2295"]
[BlackElo "2050"]
[PlyCount "66"]
[EventDate "1985.??.??"]

{4/(6)} 1. e4 c6 2. d4 d5 3. Nd2 dxe4 4. Nxe4 Nd7 5. Nf3 Ngf6 6. Nxf6+ Nxf6 7.
Ne5 Be6 8. c3 g6 9. Bd3 Bg7 10. O-O O-O 11. Qe2 Rc8 12. Be3 Qc7 13. a3 Nd5 14.
f4 c5 15. Rae1 Nxe3 16. Qxe3 cxd4 17. cxd4 Qb6 18. f5 gxf5 19. Bxf5 Bxf5 20.
Rxf5 Qxb2 21. Kh1 Qc3 22. Qf2 Qxa3 23. Qf4 Qd6 24. Qg4 f6 25. Nf3 Rc4 26. Rh5
Qc7 27. Qe6+ Rf7 28. Ne5 fxe5 29. Rf1 Bf6 30. Rxh7 Kxh7 31. Qxf7+ Bg7 32. Qh5+
Kg8 33. Qf7+ Kh7 1/2-1/2

[Event "East Detroit (MCO/2/5)"]
[Site "?"]
[Date "1985.??.??"]
[Round "?"]
[White "Simon, P.."]
[Black "Clark, K.."]
[Result "1/2-1/2"]
[WhiteElo "2295"]
[BlackElo "1905"]
[PlyCount "41"]
[EventDate "1985.??.??"]

{2/(5)} 1. e4 e5 2. Nf3 Nf6 3. Nxe5 Nxe4 4. Qe2 Qe7 5. Qxe4 d6 6. d4 dxe5 7.
Qxe5 Qxe5+ 8. dxe5 Bf5 9. c3 Nd7 10. Bf4 O-O-O 11. Nd2 Nxe5 12. Bxe5 Re8 13. f4
f6 14. Nf3 fxe5 15. fxe5 Bd6 16. O-O-O Bxe5 17. Nxe5 Rxe5 18. Bd3 Bxd3 19. Rxd3
Re2 20. Rd2 Rxd2 21. Kxd2 1/2-1/2

[Event "East Lansing (MI Op/6/23)"]
[Site "?"]
[Date "1985.??.??"]
[Round "?"]
[White "Shields, Phil"]
[Black "Haakonstad, Olaf"]
[Result "0-1"]
[WhiteElo "1960"]
[BlackElo "1755"]
[PlyCount "82"]
[EventDate "1985.??.??"]

{6/(23)} 1. e4 e5 2. f4 d5 3. exd5 e4 4. d3 Nf6 5. dxe4 Nxe4 6. Nf3 Bg4 7. Qe2
Qxd5 8. Nbd2 f5 9. h3 Be7 10. Nxe4 fxe4 11. hxg4 exf3 12. gxf3 Nc6 13. Qe4
O-O-O 14. Qxd5 Rxd5 15. Bd3 g6 16. Bd2 Nb4 17. Bxg6 Rhd8 18. Bf5+ Rxf5 19. Bxb4
Bxb4+ 20. c3 Re8+ 21. Kf1 Rxf4 22. cxb4 Rxf3+ 23. Kg2 Rf4 24. Kg3 Rxb4 25. Rxh7
Rg8 26. Rd1 Rbxg4+ 27. Kf3 Rg2 28. Rdd7 Rc2 29. Ke3 Rd8 30. Rde7 b6 31. b3 Kb7
32. Reg7 Rc8 33. Kd3 Rxa2 34. Kc3 Ra1 35. Kb2 Rd1 36. Kc3 Rc1+ 37. Kb2 Rc6 38.
Ka3 Rd8 39. b4 Rd3+ 40. Ka4 a6 41. Rh1 b5+ 0-1

[Event "East Lansing (MI Op/2/16)"]
[Site "?"]
[Date "1985.??.??"]
[Round "?"]
[White "Shields, Phil"]
[Black "Groeller, W.."]
[Result "1/2-1/2"]
[WhiteElo "1960"]
[BlackElo "2135"]
[PlyCount "54"]
[EventDate "1985.??.??"]

{2/(16)} 1. e4 c5 2. Ne2 Nc6 3. Nbc3 g6 4. g3 Bg7 5. Bg2 e6 6. O-O Nge7 7. Nf4
O-O 8. d3 Rb8 9. Nce2 b5 10. c3 b4 11. c4 d6 12. Rb1 Re8 13. Be3 e5 14. Nd5
Nxd5 15. cxd5 Nd4 16. Nxd4 cxd4 17. Bc1 Bd7 18. f4 f5 19. fxe5 Bxe5 20. Qf3 Qe7
21. Qe2 fxe4 22. Bxe4 Bh3 23. Rf2 Rf8 24. Bd2 Rxf2 25. Qxf2 a5 26. Rc1 Rc8 27.
Rxc8+ Bxc8 1/2-1/2

[Event "Westland (SEMO/4/7)"]
[Site "?"]
[Date "1985.??.??"]
[Round "?"]
[White "Shavalier, J.."]
[Black "Hendricks, Marcus"]
[Result "1-0"]
[WhiteElo "2105"]
[BlackElo "1870"]
[PlyCount "67"]
[EventDate "1985.??.??"]

{4/(7)} 1. e4 c5 2. Nc3 Nc6 3. g3 Nf6 4. Bg2 g6 5. d3 Bg7 6. h3 O-O 7. Be3 d6
8. Qd2 Nd4 9. Nd1 Re8 10. c3 Nc6 11. Bh6 Bh8 12. f4 Bd7 13. Ne2 Rb8 14. O-O b5
15. g4 Qb6 16. Ne3 e6 17. Rf2 Bg7 18. Bxg7 Kxg7 19. Raf1 Rf8 20. Ng3 b4 21. f5
h6 22. h4 Ne5 23. g5 hxg5 24. hxg5 Nfg4 25. f6+ Kh7 26. Rf4 c4 27. d4 bxc3 28.
bxc3 Nxe3 29. Rh4+ Kg8 30. Qxe3 Ng4 31. Nf5 exf5 32. Qh3 Nxf6 33. Rh8+ Kg7 34.
Qh6# 1-0

[Event "Westland (SEMO/2/1)"]
[Site "?"]
[Date "1985.??.??"]
[Round "?"]
[White "Shavalier, J.."]
[Black "Gogel, D.."]
[Result "0-1"]
[WhiteElo "2105"]
[BlackElo "2420"]
[PlyCount "81"]
[EventDate "1985.??.??"]

{2/(1)} 1. e4 c5 2. Nc3 Nc6 3. g3 d6 4. Bg2 g6 5. d3 Bg7 6. f4 e5 7. Nf3 Nge7
8. Be3 Bg4 9. h3 exf4 10. Bxf4 Bxf3 11. Bxf3 Ne5 12. Bg2 Qb6 13. Rb1 O-O 14.
O-O c4+ 15. Kh1 cxd3 16. cxd3 N7c6 17. Qd2 Rac8 18. Nd5 Qa6 19. b4 b5 20. Be3
Qb7 21. Bh6 f6 22. Bxg7 Qxg7 23. d4 Nc4 24. Qd3 Kh8 25. a4 a6 26. axb5 axb5 27.
Nc3 Qb7 28. Nd5 Kg7 29. Nf4 Qd7 30. d5 Nd8 31. Rbd1 Ne5 32. Ne6+ Nxe6 33. dxe6
Qxe6 34. Qxd6 Qxd6 35. Rxd6 Rc4 36. Rb1 Rb8 37. Rd5 Kf7 38. Bf1 Rc2 39. Bg2 Ke6
40. Rbd1 Nc4 41. R1d3 $138 0-1

[Event "Westland (SEMO Res/3/35)"]
[Site "?"]
[Date "1985.??.??"]
[Round "?"]
[White "Serwatowski, Felix"]
[Black "McGinniss, M.."]
[Result "0-1"]
[WhiteElo "1605"]
[BlackElo "1605"]
[PlyCount "120"]
[EventDate "1985.??.??"]

{3/(35)} 1. e4 e6 2. d4 Nf6 3. Nc3 Bb4 4. Qd2 Nxe4 5. Qe3 Nxc3 6. bxc3 Be7 7.
Nf3 b6 8. Qe4 Nc6 9. Be2 d5 10. Qe3 O-O 11. O-O Bd6 12. Bb5 Na5 13. Qd3 c6 14.
Ba4 b5 15. Bb3 Qc7 16. g3 a6 17. Ng5 f5 18. f4 c5 19. dxc5 Bxc5+ 20. Kg2 Nxb3
21. cxb3 h6 22. Nf3 Bb7 23. b4 Bb6 24. Be3 Bxe3 25. Qxe3 Rfe8 26. Qd4 Qc4 27.
Qe3 Rad8 28. Nd4 Rc8 29. Rfc1 Rc7 30. Qe5 Rce7 31. Kh3 Qc7 32. Nf3 Rd8 33. Nd4
Qxe5 34. fxe5 g5 35. a3 Rf8 36. Rf1 Bc8 37. Nb3 Ref7 38. a4 f4 39. gxf4 Rxf4
40. Rxf4 Rxf4 41. axb5 axb5 42. Ra8 Rf3+ 43. Kg4 Rf8 44. Na5 Bd7 45. Ra7 Rf7
46. Nb3 Kg7 47. Nc5 Bc8 48. Rxf7+ Kxf7 49. Kh5 Kg7 50. h3 Kh7 51. Kg4 Kg6 52.
Nd3 h5+ 53. Kg3 Kf5 54. Kf3 h4 55. Kg2 Ke4 56. Nf2+ Kxe5 57. Kf3 Kf5 58. Ng4 e5
59. Nh6+ Kg6 60. Ng4 Bxg4+ 0-1

[Event "Westland (SEMO Res/4/36)"]
[Site "?"]
[Date "1985.??.??"]
[Round "?"]
[White "Serwatowski, Felix"]
[Black "Lafferty, F.."]
[Result "1/2-1/2"]
[WhiteElo "1605"]
[BlackElo "1605"]
[PlyCount "148"]
[EventDate "1985.??.??"]

{4/(36)} 1. e4 c6 2. d4 d5 3. Nc3 dxe4 4. Nxe4 Nd7 5. Nf3 Ngf6 6. Bd3 e6 7. O-O
Be7 8. Bd2 O-O 9. c4 Nxe4 10. Bxe4 Nf6 11. Bc2 c5 12. dxc5 Bxc5 13. b4 Bd4 14.
Rb1 b6 15. Bf4 Nh5 16. Bg5 Bf6 17. Bd2 Bb7 18. Rb3 Qc7 19. Qe2 Rac8 20. Rc1 g6
21. Bb1 Rfd8 22. Bh6 Bg7 23. Bxg7 Bxf3 24. Qxf3 Nxg7 25. Bd3 Qe5 26. Bf1 Nf5
27. Qg4 Rd4 28. Qf3 Rd2 29. Qb7 Qc7 30. Qxc7 Rxc7 31. a3 Rcd7 32. g3 Nd4 33.
Re3 Nc2 34. Rf3 Nd4 35. Re3 Nf5 36. Ree1 Ne7 37. Bg2 R7d3 38. Ra1 Rc3 39. Bf1
Rcc2 40. Rad1 Rxd1 41. Rxd1 Nc6 42. Re1 Rc3 43. Ra1 Ne5 44. a4 Nxc4 45. Bxc4
Rxc4 46. b5 Rb4 47. Kf1 Rb2 48. h4 h5 49. Ra3 Kg7 50. f4 Kf6 51. Ke1 Kf5 52.
Kd1 Kg4 53. Kc1 Rg2 54. a5 Rxg3 55. axb6 Rxa3 56. b7 Kxf4 57. b8=Q+ e5 58. Qf8
Rc3+ 59. Kd2 Rc7 60. Qb4+ Kf5 61. Ke3 Rc1 62. Qe4+ Ke6 63. Kd2 f5 64. Qg2 Rc5
65. Qxg6+ Kd5 66. Qxf5 Rxb5 67. Qxh5 a5 68. Qf3+ Ke6 69. Qc3 Rd5+ 70. Ke3 Rd4
71. Qxa5 Rxh4 72. Qb6+ Kf5 73. Qb1+ Ke6 74. Qe1 Ra4 1/2-1/2

[Event "East Detroit (MCO/6/29)"]
[Site "?"]
[Date "1985.??.??"]
[Round "?"]
[White "Selitsky, B.."]
[Black "Yee, T.."]
[Result "1-0"]
[WhiteElo "1875"]
[BlackElo "1605"]
[PlyCount "90"]
[EventDate "1985.??.??"]

{6/(29)} 1. e4 Nc6 2. Nf3 Nf6 3. e5 Ng4 4. d4 d6 5. h3 Nh6 6. Bxh6 gxh6 7. e6
fxe6 8. Nh2 Bg7 9. Qh5+ Kd7 10. d5 Nd4 11. dxe6+ Nxe6 12. Nc3 c6 13. Bc4 d5 14.
Rd1 Kc7 15. Qh4 Qd6 16. O-O Ng5 17. Rxd5 Qf6 18. Qg3+ e5 19. Rfd1 Be6 20. Rd6
Rad8 21. Rxd8 Rxd8 22. Rxd8 Qxd8 23. Bd3 Qd7 24. h4 Bf6 25. hxg5 hxg5 26. Ne4
Qe7 27. Nxf6 Qxf6 28. Ng4 Bxg4 29. Qxg4 h6 30. Qe4 Qd6 31. a3 a6 32. a4 c5 33.
b3 Kb6 34. Qg6 Kc7 35. Qxd6+ Kxd6 36. Kf1 Kd5 37. f3 Kd4 38. Ke2 h5 39. Kd2 b6
40. Bxa6 e4 41. fxe4 Kxe4 42. Bb7+ Kf4 43. c3 h4 44. b4 cxb4 45. cxb4 Kg3 1-0

[Event "Westland (SEMO/4/8)"]
[Site "?"]
[Date "1985.??.??"]
[Round "?"]
[White "Selitsky, B.."]
[Black "Smith, Walt"]
[Result "0-1"]
[WhiteElo "1780"]
[BlackElo "2035"]
[PlyCount "72"]
[EventDate "1985.??.??"]

{4/(8)} 1. e4 c5 2. Nc3 Nc6 3. g3 g6 4. Bg2 Bg7 5. d3 e6 6. f4 Nge7 7. Nf3 d5
8. O-O d4 9. Ne2 O-O 10. Rb1 b5 11. a3 Rb8 12. h3 c4 13. Qe1 Ba6 14. Qd1 cxd3
15. Qxd3 Qb6 16. b4 Rfd8 17. Kh2 Bc8 18. Bb2 e5 19. Bc1 Be6 20. Nd2 Rbc8 21. f5
gxf5 22. exf5 Nxf5 23. Rxf5 Bxf5 24. Qxf5 Ne7 25. Qd3 f5 26. Qb3+ Kh8 27. Nf3
Rc4 28. Bg5 Rd7 29. Bxe7 Rxe7 30. Nd2 Rc8 31. Qf3 Qg6 32. Rc1 Bh6 33. Qd3 Rec7
34. c3 a6 35. g4 fxg4 36. Be4 Qg5 0-1

[Event "Westland (SEMO/2/18)"]
[Site "?"]
[Date "1985.??.??"]
[Round "?"]
[White "Selitsky, B.."]
[Black "Moody, David"]
[Result "1-0"]
[WhiteElo "1780"]
[BlackElo "2015"]
[PlyCount "59"]
[EventDate "1985.??.??"]

{2/(18)} 1. e4 e5 2. Nf3 Nc6 3. Bb5 a6 4. Ba4 Nf6 5. O-O Be7 6. Re1 b5 7. Bb3
O-O 8. a4 Bb7 9. d3 d5 10. Nc3 Bb4 11. Bd2 dxe4 12. dxe4 Re8 13. Ng5 Re7 14.
Nd5 Rd7 15. Nxf7 Rxf7 16. Nxb4 Nd4 17. Bxf7+ Kxf7 18. f3 c5 19. Nd3 Qd6 20. Nf2
Rd8 21. Bg5 Qb6 22. Kh1 Nb3 23. Qe2 Nxa1 24. Rxa1 Rd4 25. axb5 axb5 26. Nd3 Qd6
27. Be3 Rc4 28. b3 Rc3 29. Ne1 Bc8 30. Qd2 1-0

[Event "East Detroit (MCO/2/8)"]
[Site "?"]
[Date "1985.??.??"]
[Round "?"]
[White "Selitsky, B.."]
[Black "Mazuchowski, Tom"]
[Result "0-1"]
[WhiteElo "1875"]
[BlackElo "2105"]
[PlyCount "138"]
[EventDate "1985.??.??"]

{2/(8)} 1. e4 e5 2. Nf3 Nc6 3. Bb5 Nf6 4. O-O d6 5. d4 Nd7 6. Re1 Be7 7. Nbd2
Nxd4 8. Nxd4 exd4 9. e5 dxe5 10. Bxd7+ Bxd7 11. Rxe5 O-O 12. Nf3 c5 13. c3 Bd6
14. Re1 Bg4 15. cxd4 cxd4 16. h3 Bxf3 17. Qxf3 Qa5 18. Qd1 Rfe8 19. Rf1 Rad8
20. g3 Qf5 21. h4 Qh3 22. Qf3 f5 23. Bg5 Rd7 24. Rfe1 Rxe1+ 25. Rxe1 h6 26.
Qd5+ Kh7 27. Re8 Bxg3 28. Qg8+ Kg6 29. Re6+ Kh5 30. Qe8+ Kg4 31. Re4+ fxe4 32.
Qe6+ Kh5 33. Qxh3 Bxf2+ 34. Kxf2 Rf7+ 35. Ke1 hxg5 36. hxg5+ Kxg5 37. Qg3+ Kf5
38. Qh3+ Ke5 39. Qh5+ Rf5 40. Qe8+ Kf4 41. Qb8+ Ke3 42. Qxb7 Rg5 43. Qb3+ d3
44. Kf1 Rf5+ 45. Kg1 Ke2 46. Qc4 Rf1+ 47. Kg2 Rf2+ 48. Kg1 e3 49. Qg4+ Ke1 50.
Qg3 Ke2 51. Qg4+ Ke1 52. Qg3 Kd2 53. b4 Re2 54. Qg5 Kc1 55. Qc5+ Kd1 56. Qh5
Kd2 57. Qg5 Re1+ 58. Kg2 Kc1 59. Qc5+ Kd1 60. Qc4 Kd2 61. Kf3 Rh1 62. Qb3 Rh3+
63. Kf4 Ke2 64. Qd5 Rh4+ 65. Kg3 Rxb4 66. Qg2+ Kd1 67. Qd5 d2 68. Qd3 e2 69.
Qf3 g5 0-1

[Event "Westland (SEMO/5/11)"]
[Site "?"]
[Date "1985.??.??"]
[Round "?"]
[White "Selitsky, B.."]
[Black "Kulbacki, James"]
[Result "1-0"]
[WhiteElo "1780"]
[BlackElo "2025"]
[PlyCount "75"]
[EventDate "1985.??.??"]

{5/(11)} 1. e4 e6 2. d4 d5 3. Nd2 Nf6 4. e5 Nfd7 5. f4 c5 6. c3 Nc6 7. Ndf3 Qa5
8. Be3 cxd4 9. Nxd4 a6 10. Bd3 Nxd4 11. Bxd4 Bc5 12. Ne2 Bxd4 13. Nxd4 Nc5 14.
Bc2 Qc7 15. O-O g6 16. h4 Qe7 17. Qe1 Bd7 18. a4 b6 19. Rf3 h5 20. Re3 Bc8 21.
b4 Nb7 22. Bd3 Bd7 23. g3 Nd8 24. Qe2 Bc8 25. b5 a5 26. c4 dxc4 27. Bxc4 Bb7
28. Qd2 Rc8 29. Rc1 Kf8 30. Rec3 Kg7 31. Bf1 Qb4 32. Qe3 Rxc3 33. Qxc3 Qxc3 34.
Rxc3 Bd5 35. Bg2 Bxg2 36. Kxg2 Nb7 37. Nxe6+ Kh6 38. Ng5 1-0

[Event "East Detroit (MCO/4/9)"]
[Site "?"]
[Date "1985.??.??"]
[Round "?"]
[White "Selitsky, B.."]
[Black "Brooks, John"]
[Result "0-1"]
[WhiteElo "1875"]
[BlackElo "2140"]
[PlyCount "66"]
[EventDate "1985.??.??"]

{4/(9)} 1. e4 c6 2. Nc3 d5 3. Nf3 dxe4 4. Nxe4 Nf6 5. Nxf6+ exf6 6. d4 Bg4 7.
Be2 Bd6 8. h3 Bf5 9. O-O O-O 10. c4 Nd7 11. d5 Qc7 12. dxc6 bxc6 13. Nd4 Bg6
14. Bh5 Ne5 15. Bxg6 hxg6 16. Qc2 Rfd8 17. c5 Bf8 18. Be3 Rd5 19. b4 f5 20. f4
Nd7 21. Nf3 Re8 22. Rfe1 a5 23. a3 axb4 24. axb4 Re4 25. Rad1 Rxd1 26. Qxd1
Rxb4 27. Qd2 Re4 28. Ng5 Re8 29. Nxf7 Kxf7 30. Qa2+ Re6 31. Bf2 Nxc5 32. Qc4
Qd6 33. Bxc5 Qxc5+ 0-1

[Event "East Lansing (MI Op/4/5)"]
[Site "?"]
[Date "1985.??.??"]
[Round "?"]
[White "Segerstrom, P.."]
[Black "Thomas, C.."]
[Result "1-0"]
[WhiteElo "2175"]
[BlackElo "2045"]
[PlyCount "121"]
[EventDate "1985.??.??"]

{4/(5)} 1. e4 e6 2. d4 d5 3. Nd2 c5 4. exd5 exd5 5. Bb5+ Bd7 6. Qe2+ Be7 7.
dxc5 Nf6 8. Ngf3 O-O 9. Nb3 Re8 10. Be3 Bxc5 11. Bxd7 Nbxd7 12. Nfd4 Bxd4 13.
Nxd4 Ne5 14. O-O Neg4 15. Qf3 Re4 16. Nf5 Qc7 17. Qg3 Qxg3 18. Nxg3 Rc4 19. c3
Nxe3 20. fxe3 a5 21. Rad1 a4 22. Rd3 a3 23. b3 Rc5 24. Rfd1 h6 25. b4 Rc7 26.
Rb1 g6 27. Rb3 Kf8 28. Ne2 Ke7 29. Nd4 Rc4 30. Nb5 Re4 31. h3 Ne8 32. Rxa3 Rxa3
33. Nxa3 Nc7 34. Kf2 f5 35. Nc2 g5 36. a4 h5 37. Rd4 Re5 38. c4 dxc4 39. Rxc4
Nd5 40. h4 g4 41. a5 Kd6 42. g3 Nf6 43. Nd4 Ne4+ 44. Kg2 Kd5 45. Rc7 Nd6 46.
Rc5+ Ke4 47. Rxe5+ Kxe5 48. b5 Nc4 49. a6 bxa6 50. bxa6 Nxe3+ 51. Kf2 Nd5 52.
a7 Nb6 53. Ke3 Nd5+ 54. Kd3 Nb6 55. Ne2 Na8 56. Nf4 Nb6 57. Nxh5 Kd5 58. Ke3
Ke5 59. Nf4 Na8 60. h5 Nb6 61. Kd3 1-0

[Event "East Lansing (MI Op/2/5)"]
[Site "?"]
[Date "1985.??.??"]
[Round "?"]
[White "Segerstrom, P.."]
[Black "Hankinson, Chris"]
[Result "1/2-1/2"]
[WhiteElo "2175"]
[BlackElo "1980"]
[PlyCount "106"]
[EventDate "1985.??.??"]

{2/(5)} 1. e4 c5 2. Nf3 d6 3. d4 cxd4 4. Nxd4 Nf6 5. Nc3 a6 6. Be2 e6 7. O-O
Be7 8. Kh1 Nc6 9. f4 O-O 10. Bf3 Qc7 11. Nxc6 bxc6 12. Na4 Rb8 13. c4 Bd7 14.
Qc2 c5 15. Nc3 Bc6 16. Be3 Nd7 17. Rad1 Rbd8 18. Rfe1 Bf6 19. b3 Nb8 20. Rd2
Bb7 21. Red1 Nc6 22. Ne2 Rfe8 23. Qb1 Be7 24. Rd3 Nb4 25. R3d2 Nc6 26. Kg1 Bf8
27. a3 Qa5 28. Ra2 e5 29. b4 Qc7 30. Rb2 Rb8 31. Nc3 Nd4 32. Nd5 Bxd5 33. cxd5
Nb5 34. Rc1 Nd4 35. fxe5 dxe5 36. Bd1 c4 37. Ba4 Rec8 38. Bc6 Nxc6 39. Rxc4 Qd7
40. dxc6 Rxc6 41. Rbc2 Rbc8 42. Qc1 Rxc4 43. Rxc4 Rxc4 44. Qxc4 Qd1+ 45. Kf2
Qd6 46. Qd5 Qf6+ 47. Kg1 Qh4 48. g3 Qf6 49. Qa8 Qf3 50. Bc5 Qd1+ 51. Kf2 Qd2+
52. Kf3 Qd3+ 53. Kg2 Qe2+ 1/2-1/2

[Event "East Lansing (MI Op/1a/11)"]
[Site "?"]
[Date "1985.??.??"]
[Round "?"]
[White "Schweikert, G.."]
[Black "Mason, D.."]
[Result "0-1"]
[WhiteElo "1785"]
[BlackElo "2035"]
[PlyCount "58"]
[EventDate "1985.??.??"]

1. e4 c6 2. d4 d5 3. exd5 cxd5 4. c4 Nf6 5. Nc3 e6 6. Nf3 Be7 7. Be2 O-O 8. O-O
dxc4 9. Bxc4 Qc7 10. Qb3 a6 11. d5 b5 12. Bd3 Rd8 13. Rd1 exd5 14. Nxd5 Nxd5
15. Be4 Be6 16. Rxd5 Nc6 17. Be3 Rxd5 18. Qc2 Rc8 19. Bxd5 Bxd5 20. Qf5 Be6 21.
Qe4 Nb4 22. Rc1 Qxc1+ 23. Bxc1 Rxc1+ 24. Ne1 Nc2 25. Qa8+ Bf8 26. g3 Nxe1 27.
Kf1 Bc4+ 28. Kg1 Be2 29. f4 Bf3 0-1

[Event "Westland (SEMO Res/5/34)"]
[Site "?"]
[Date "1985.??.??"]
[Round "?"]
[White "Schmitt, M.."]
[Black "Wheeler, R.."]
[Result "0-1"]
[WhiteElo "1605"]
[BlackElo "1605"]
[PlyCount "50"]
[EventDate "1985.??.??"]

{5/(34)} 1. e4 e5 2. Nc3 Nc6 3. d3 g6 4. Nf3 Bg7 5. Be3 Nge7 6. Qd2 d5 7. Be2
d4 8. Bg5 dxc3 9. Qxc3 Be6 10. Be3 h6 11. O-O-O Nd4 12. Rhe1 Nxe2+ 13. Rxe2 Nc6
14. d4 exd4 15. Bxd4 Nxd4 16. Nxd4 Qg5+ 17. Re3 O-O 18. Qxc7 Be5 19. Nxe6 fxe6
20. g3 Bxc7 21. f4 Rxf4 22. gxf4 Bxf4 23. Rdd3 Bxe3+ 24. Kd1 Qg1+ 25. Ke2 Qf2+
0-1

[Event "Westland (SEMO Res/1b/22)"]
[Site "?"]
[Date "1985.??.??"]
[Round "?"]
[White "Schmitt, M.."]
[Black "Fuson, J.."]
[Result "0-1"]
[WhiteElo "1605"]
[BlackElo "1605"]
[PlyCount "80"]
[EventDate "1985.??.??"]

1. d4 d5 2. c4 Nf6 3. Nc3 e6 4. Nf3 Be7 5. g3 O-O 6. Bg2 dxc4 7. O-O Nc6 8. Be3
h6 9. Ne5 Nxe5 10. dxe5 Nd7 11. Qd4 Bc5 12. Qxc4 Bxe3 13. fxe3 Nxe5 14. Qd4
Qxd4 15. exd4 Nc4 16. b3 Ne3 17. Rf3 Nxg2 18. Kxg2 b6 19. Nb5 Bb7 20. Nxc7
Bxf3+ 21. Kxf3 Rac8 22. Rc1 Rfd8 23. e3 Rd7 24. d5 Rcxc7 25. Rxc7 Rxc7 26. dxe6
fxe6 27. h4 Rc2 28. g4 Rxa2 29. e4 Ra3 30. Kf4 Rxb3 31. g5 hxg5+ 32. Kxg5 a5
33. e5 a4 34. Kg6 a3 35. h5 a2 36. h6 gxh6 37. Kf6 a1=Q 38. Kxe6 Re3 39. Kf6
Qxe5+ 40. Kg6 Qg5# 0-1

[Event "East Detroit (MCO/3/37)"]
[Site "?"]
[Date "1985.??.??"]
[Round "?"]
[White "Sarka, K.."]
[Black "Small, R.."]
[Result "1/2-1/2"]
[WhiteElo "1675"]
[BlackElo "1605"]
[PlyCount "85"]
[EventDate "1985.??.??"]

{3/(37)} 1. f4 e6 2. Nf3 d5 3. e3 c5 4. d4 Nc6 5. Be2 Nf6 6. O-O Bd7 7. Nbd2
Bd6 8. Ne5 cxd4 9. exd4 Nxd4 10. Ndf3 Nxe2+ 11. Qxe2 O-O 12. Nxd7 Qxd7 13. Be3
b6 14. Nd2 Bc5 15. Bxc5 bxc5 16. Rac1 a5 17. b3 a4 18. Rfd1 a3 19. c4 d4 20.
Ne4 Nxe4 21. Qxe4 Rfb8 22. Rc3 Qb7 23. Qxb7 Rxb7 24. Rcd3 f6 25. Re1 Kf7 26.
Kf2 Re8 27. Re4 e5 28. f5 Reb8 29. g4 h6 30. h4 Rh8 31. h5 Ke7 32. Re2 Rb4 33.
Kf3 Kd6 34. Ke4 Rd8 35. Rf2 Kc6 36. Rff3 Kb6 37. Rg3 Ka5 38. Rgf3 Rb7 39. Rh3
Rb4 40. Rhf3 Kb6 41. Rf2 Kc6 42. Rff3 Rdb8 43. Rg3 1/2-1/2

[Event "East Detroit (MCO/1/2)"]
[Site "?"]
[Date "1985.??.??"]
[Round "?"]
[White "Sarka, K.."]
[Black "Nickoloff, B.."]
[Result "0-1"]
[WhiteElo "1675"]
[BlackElo "2485"]
[PlyCount "28"]
[EventDate "1985.??.??"]

{1/(2)} 1. Nf3 Nf6 2. b3 g6 3. Bb2 Bg7 4. g3 O-O 5. Bg2 d6 6. d4 c5 7. O-O cxd4
8. Nxd4 d5 9. Nd2 Re8 10. N4f3 Nc6 11. Re1 e5 12. Nf1 Bf5 13. c3 Qb6 14. Kh1
Ne4 0-1

[Event "East Detroit (MCO/6/27)"]
[Site "?"]
[Date "1985.??.??"]
[Round "?"]
[White "Sarka, K.."]
[Black "DeJongh, John"]
[Result "0-1"]
[WhiteElo "1675"]
[BlackElo "1615"]
[PlyCount "128"]
[EventDate "1985.??.??"]

{6/(27)} 1. e4 e5 2. f4 Bc5 3. Nf3 d6 4. Nc3 Nc6 5. f5 Nf6 6. d3 h6 7. Qe2 Bd7
8. a3 a6 9. Be3 Nd4 10. Bxd4 exd4 11. Na2 O-O 12. h3 Re8 13. O-O-O Bxf5 14. g4
Bg6 15. Kb1 Nh7 16. Qd2 f6 17. Nc1 c6 18. Ne2 Qb6 19. c4 Bxa3 20. Nexd4 Bc5 21.
Nf5 Bxf5 22. gxf5 a5 23. Qc2 a4 24. Ka2 Qd8 25. h4 Qe7 26. Bg2 Qf7 27. Nd2 b5
28. Nb1 b4 29. b3 axb3+ 30. Kxb3 Bd4 31. e5 Qa7 32. Bxc6 dxe5 33. Bxe8 Rxe8 34.
Rd2 Ra8 35. Qa2 Qb7 36. Rhh2 Rxa2 37. Rxa2 Qf3 38. Rhd2 Qxf5 39. Ra8+ Nf8 40.
Kxb4 Qd7 41. Ra5 Ne6 42. Rda2 Qb7+ 43. Rb5 Bc5+ 44. Kc3 Qf3 45. Nd2 Bd4+ 46.
Kc2 Qg2 47. Kb3 Qg3 48. Rb8+ Kh7 49. Raa8 Qxh4 50. Ne4 Nc5+ 51. Nxc5 Bxc5 52.
Rd8 Bd4 53. Rac8 Qe1 54. Rb8 Qc3+ 55. Ka4 Qxd3 56. c5 Qc2+ 57. Kb5 Qxc5+ 58.
Ka6 h5 59. Rdc8 Qa7+ 60. Kb5 h4 61. Kc4 h3 62. Rh8+ Kg6 63. Rb3 Qa4+ 64. Rb4
Qc2+ 0-1

[Event "East Detroit (MCO/3/44)"]
[Site "?"]
[Date "1985.??.??"]
[Round "?"]
[White "Santus, Nick"]
[Black "Willis, F.."]
[Result "1/2-1/2"]
[WhiteElo "1650"]
[BlackElo "1605"]
[PlyCount "88"]
[EventDate "1985.??.??"]

{3/(44)} 1. e4 c5 2. Nf3 Nc6 3. d4 cxd4 4. Nxd4 Nf6 5. Nc3 e5 6. Nf3 a6 7. Bg5
Be7 8. Bd3 d6 9. Qd2 b5 10. Rd1 O-O 11. O-O Bb7 12. Bxf6 Bxf6 13. Be2 Nd4 14.
Nxd4 exd4 15. Nd5 Bxd5 16. exd5 Rc8 17. Bf3 Qc7 18. Be4 Rfe8 19. Qd3 g6 20. f4
Qc4 21. f5 Qxd3 22. Bxd3 Bg5 23. Rfe1 Be3+ 24. Kh1 Re5 25. Re2 Kg7 26. Rde1
Rce8 27. a4 Rxd5 28. c3 Rde5 29. cxd4 Bxd4 30. Rxe5 Bxe5 31. axb5 axb5 32. b3
b4 33. g4 g5 34. h3 Ra8 35. Kg2 Ra2+ 36. Re2 Ra1 37. Re4 Rd1 38. Bb5 Rd4 39.
Rxd4 Bxd4 40. Kf3 f6 41. Ke4 Bc5 42. Bc4 Kf8 43. Kd5 Ke7 44. Kc6 h6 1/2-1/2